| 000 | 00359nam a22001217a 4500 | ||
|---|---|---|---|
| 999 |
_c504 _d504 |
||
| 005 | 20200814154604.0 | ||
| 008 | 200814b ||||| |||| 00| 0 eng d | ||
| 020 | _a294223 | ||
| 040 | _cCML | ||
| 245 |
_aThe Political Kingdon in Uganda. _cApter, D.E. |
||
| 260 |
_aPrinceton _bPrinceton Unversity _c1967 |
||
| 942 |
_2ddc _cBK _e1st Edition _h320 _mAPT |
||